000 00801nam a2200181Ia 4500
008 100920s9999 xx 000 0 und d
082 _b82072
_a320 न 02
100 _aसाळुंखे आ. ह.
245 _aगुलामांचा आणि गुलाम करणारांचा धर्म एक नसतो.
260 _bलोकायत, सातारा.
_c2002
300 _a32
_bसाधी
365 _b15
520 _aराजकारण.
630 _aगुलामांचा आणि गुलाम करणारांचा धर्म एक नसतो.
650 _aराजकारण.
730 _aगुलामांचा आणि गुलाम करणारांचा धर्म एक नसतो.
942 _cBOOK
999 _c722820
_d722817